| 000 | 00488 a2200157 4500 | ||
|---|---|---|---|
| 020 | _a0131725793 | ||
| 040 |
_aDLC _bDLC |
||
| 100 | _aTocci, Ronald J. | ||
| 245 |
_aDigital systems: princiles and applications _bRonald J. Tocci |
||
| 250 | _a10th ed | ||
| 260 |
_aNew Delhi : _bPearson Education, _c2007 |
||
| 300 |
_axxv, 940 p. : _bill. ; 27 cm. |
||
| 500 | _aIncludes bibliographical references and index. | ||
| 610 | _aDigital electronics --Textbooks. | ||
| 942 |
_cBK _k621.381 TOC _2ddc |
||
| 999 |
_c10277 _d10277 |
||